Patent for inventions: and the protection of industrial designs (Record no. 44837)

MARC details
000 -LEADER
fixed length control field 00417nam a2200157Ia 4500
008 - FIXED-LENGTH DATA ELEMENTS--GENERAL INFORMATION
fixed length control field 230917s9999||||xx |||||||||||||| ||und||
040 ## - CATALOGING SOURCE
-- 80623
Original cataloging agency VIVEKANANDA LIBRARY
041 ## - Language
-- English
082 ## - DDC NUMBER
Classification number 346.0486 B59P(5)
100 ## - MAIN ENTRY--PERSONAL NAME
Personal name Blanco White, T A
245 #0 - TITLE STATEMENT
Title Patent for inventions: and the protection of industrial designs
250 ## - EDITION STATEMENT
Edition statement 5th ed.
260 ## - PUBLICATION, DISTRIBUTION, ETC. (IMPRINT)
Place of publication, distribution, etc London
Name of publisher, distributor, etc Stevens
Date of publication, distribution, etc 1983
300 ## - PHYSICAL DESCRIPTION
Pages xxxv, 304 p.
942 ## - ADDED ENTRY ELEMENTS (KOHA)
Koha item type Books
Holdings
Withdrawn status Lost status Damaged status Not for loan Location (home branch) Sublocation or collection (holding branch) Date acquired Koha issues (times borrowed) Koha full call number Accession No. Koha date last seen Koha item type
        VIVEKANANDA LIBRARY VIVEKANANDA LIBRARY 11/03/2003   346.0486 B59P(5) 111470 17/09/2023 Books
        VIVEKANANDA LIBRARY VIVEKANANDA LIBRARY 11/03/2003   346.0486 B59P(5) 111471 17/09/2023 Books
© Designed and Maintained by Vivekananda Library, MDU Rohtak